000 00555nmm a2200169Ia 4500
008 251105s9999||||xx |||||||||||||||||und||
020 _a9788499405117
041 _aspa
100 _aRe, Matteo
245 0 _aPertenencia a banda armada : Ataque al corazón del Estado y terrorismo en Italia (1970-1988)
264 _a[Madrid, España] :
_bBiblioteca Nueva,
_c2013
300 _a352 páginas
490 _aHistoria Biblioteca Nueva
650 _aPolitical Science (General)
856 _uhttps://public.digitaliapublishing.com/a/27719
942 _cCF
999 _c92718
_d92718